000 00648nam a2200193Ia 4500
008 150610s9999 xx 000 0 und d
020 _a074754624X
050 _aPZ7
_b.R797g 2000  
100 _aRowling, J.K.
245 _aHarry Potter and the goblet of fire /
_cJ.K. Rowling.
260 _aGreat Britain :
_bBloomsbury,
_c2000.
300 _a636pages ;
_c21 cm.
504 _aSequel to: Harry Potter and the prizoner of Azkaban
520 _aJuvenile fiction.
650 _aHogwarts school of witchcraft and wizardry (Imaginary place)
_xFiction.
650 _aMagic
_xFiction.
650 _aSchools
_bFiction
650 _aWizards
_bFiction.
999 _c287902
_d287902